Statistiques concernant Élimination par catégorie - Consoles n°2

Cliquez ici pour prendre le quiz!

Statistiques générales

  • Ce quiz a été pris 1 640 fois
  • Le résultat moyen est 14 sur 20

Statistiques - réponses

Groupe#Catégorie% Correct
Vert11...vendue à plus de 10 millions d'exemplaires...
98%
Vert22Console de septième ou huitième génération...
98%
Jaune24Console portable...
97%
Jaune20...sortie dans le monde entier...
97%
Vert8...avec une croix directionnelle...
95%
Rose32Console japonaise...
89%
Vert3...portable...
89%
Rose12...avec au moins un jeu Grand Theft Auto...
87%
Rose7...de salon...
86%
Jaune6...monochrome...
77%
Rose3...sortie avant 2005...
73%
Bleu8Console Sega...
67%
Rose1...et vendue à plus de 120 millions d'exemplaires:Playstation 2
65%
Bleu5...dont le modèle standard est noir...
64%
Vert1et munie d'un podomètre:Nintendo 3DS
63%
Bleu3...avec un processeur d'au moins 16 bit...
61%
Bleu2...de salon...
61%
Bleu1...et vendue à plus de 20 millions d'exemplaires:Mega Drive
54%
Jaune2...avec moins de 15 jeux...
3%
Jaune1...et plus grosse q'une Game Boy:Microvision
2%

Distribution des résultats

Percentile par nombre de réponses

% des personnes avec chaque résultat

Votre développement - résultats

Vous n’avez pas pris ce quiz